Geonocidio económico en el Cono Sur: derechos humanos y gran capital /
Guardado en:
| Autores Corporativos: | , |
|---|---|
| Formato: | Texto |
| Publicado: |
Lima:
DESCO
|
| Etiquetas: |
Agregar Etiqueta
Sin Etiquetas, Sea el primero en etiquetar este registro!
|
MARC
| LEADER | 00000 a a2200000 04500 | ||
|---|---|---|---|
| 001 | 23914 | ||
| 003 | |||
| 040 | |||
| 090 | |a 170000 | ||
| 110 | |a DESCO | ||
| 245 | |a Geonocidio económico en el Cono Sur: derechos humanos y gran capital / |c DESCO | ||
| 260 | |a Lima: |b DESCO | ||
| 300 | |a 115 p; n. 13 | ||
| 710 | |a Centro de Estudios y Promoción del Desarrollo | ||
| 999 | |c 8719 |d 8719 | ||
